[Event "CZE-ch"]
[Site "Zlin"]
[Date "1998.06.17"]
[Round "5"]
[White "Jansa, Vlastimil"]
[Black "Blatny, Pavel"]
[Result "0-1"]
[WhiteElo "2480"]
[BlackElo "2560"]
[Annotator "Hecht,H"]
[PlyCount "114"]
[EventDate "1998.06.13"]
[EventType "tourn"]
[EventRounds "11"]
[EventCountry "CZE"]
[EventCategory "9"]
[SourceTitle "CBM 066"]
[Source "ChessBase"]
[SourceDate "1998.09.30"]
[SourceVersion "1"]
[SourceVersionDate "1998.09.30"]
[SourceQuality "1"]

1. e4 e5 2. Nf3 Nc6 3. Bb5 a6 4. Ba4 Nf6 5. O-O Be7 6. Re1 b5 7. Bb3 O-O 8. h3
Bb7 9. d3 d6 10. a3 Nd4 11. Nxd4 exd4 12. c3 dxc3 13. Nxc3 c5 14. Bf4 d5 15.
Nxd5 Nxd5 16. Bxd5 Bxd5 17. exd5 Bd6 18. Bd2 Qf6 19. Bc3 Qf5 20. Qg4 Qxg4 21.
hxg4 Rfd8 22. Ba5 Rd7 23. b4 Bf8 24. bxc5 Bxc5 25. Bb4 Bf8 26. Bxf8 Kxf8 {
[#] Schwarz nutzt die weißen Bauernschwächen zu einer aktiven Aufstellung
aller seiner Steine auf und gewinnt schließlich Material. Meiner Meinung nach
ist bereits a4 der Anfang allen Übels.} 27. a4 $2 (27. Rac1 $1 {[%cal Gc1c8]})
27... b4 28. a5 Rxd5 29. Reb1 Rb8 30. Rb3 Rd4 31. f3 Ke7 32. Kf2 Kd6 33. Ke3
Kd5 34. Kd2 Kc5 35. Rh1 Kb5 36. Ra1 Re8 $1 $17 37. Rbb1 g6 38. Rb3 h5 39. gxh5
gxh5 40. Rh1 Re5 41. Ra1 f5 {[%csl Rg2][%cal Rf5f4,Re5g5]} 42. g3 f4 43. gxf4
Rxf4 44. Rc1 Kxa5 45. Rc4 Rxc4 46. dxc4 h4 47. Rb1 h3 48. Kd3 h2 49. Rh1 Rh5
50. f4 Kb6 51. f5 Kc5 52. f6 Rh7 53. f7 Rxf7 54. Rxh2 Rd7+ 55. Kc2 Kxc4 56. Rh5
Rd5 57. Rh4+ Kb5 0-1

[Event "Copenhagen KS"]
[Site "Copenhagen"]
[Date "1996.??.??"]
[Round "4"]
[White "Borge, Nikolaj"]
[Black "Hector, Jonny"]
[Result "0-1"]
[WhiteElo "2455"]
[BlackElo "2525"]
[Annotator "Hecht,H"]
[PlyCount "167"]
[EventDate "1996.07.05"]
[EventType "tourn"]
[EventRounds "9"]
[EventCountry "DEN"]
[EventCategory "10"]
[SourceTitle "CBM 055"]
[Source "ChessBase"]
[SourceDate "1996.12.01"]
[SourceVersion "1"]
[SourceVersionDate "1996.12.01"]
[SourceQuality "1"]

1. e4 {Endspiel-CD} e5 2. Nf3 Nc6 3. Bb5 a6 4. Ba4 Nf6 5. O-O Be7 6. Re1 b5 7.
Bb3 Bb7 8. d3 O-O 9. Nbd2 Re8 10. a3 d6 11. Nf1 Nd4 12. Ba2 c5 13. c3 Nxf3+ 14.
Qxf3 h6 15. Ng3 Bf8 16. Nh5 Qe7 17. Nxf6+ Qxf6 18. Qxf6 gxf6 19. f3 Red8 20. c4
Bc8 21. g4 Be6 22. Kf2 Rdb8 23. h3 a5 24. f4 exf4 25. Re2 bxc4 26. dxc4 Rb6 27.
Bxf4 Rab8 28. Rb1 a4 29. Rc2 h5 30. Kf3 hxg4+ 31. hxg4 Kg7 32. Bd2 Be7 33. Bc3
Rh8 34. Rg1 Kf8 35. Rf2 Rh3+ 36. Ke2 Rh4 37. Rfg2 Ke8 38. Rg3 Kd7 39. Kd3 Rb8
40. Bb1 Rh2 41. R1g2 Rxg2 42. Rxg2 Rh8 43. Rg3 Rh2 44. Bd2 Bxc4+ 45. Kxc4 Rxd2
{[#] wechselhafter Partieverlauf: 1. Bildung von je 2 Freibauern; 2. 1 wFrei-B
kostet den sL; 3. sorgloses weißes Spiel (Zug 76) kostet Material; 4. Finale
mit T+B vs D ist hoffnungslos, weil der wK nicht ferngehalten werden kann.} 46.
Kc3 Rf2 47. Bc2 Kc7 48. Bxa4 d5 49. exd5 Bd6 50. Rd3 Be5+ 51. Kc4 Rf4+ 52. Kb5
Kd6 53. b4 c4 54. Rg3 Rf2 55. Rg1 Kxd5 56. Rc1 c3 57. Bb3+ Kd4 58. Rc2 Rf4 59.
Rg2 f5 60. gxf5 Rxf5 61. Bc2 Rf1 62. a4 f5 63. a5 f4 64. a6 Ra1 65. Ba4 Rh1 66.
a7 Rh8 67. Bd1 Ra8 68. Kb6 Bb8 69. axb8=Q Rxb8+ 70. Ka5 Ra8+ 71. Kb6 Ra1 72.
Bg4 Rb1 73. b5 Rb2 74. Rg1 c2 75. Bf5 f3 {[#]} 76. Rf1 $2 (76. Bxc2 Rxc2 77.
Rg8 f2 78. Rf8 Ke3 79. Ka7 $10) 76... Rb1 77. Rxf3 c1=Q 78. Bxb1 Qxb1 79. Rf6 {
/\Rc6} Kc4 (79... Kc3 {Endspiel-CD} 80. Rc6+ Kb4 $19 {/\ Qf5}) 80. Rf4+ Kd5 81.
Rg4 Qf5 82. Rb4 Qf6+ 83. Ka5 Kc5 84. Re4 0-1

[Event "Khanty-Mansiysk FIDE GP"]
[Site "Khanty-Mansiysk"]
[Date "2015.05.21"]
[Round "7"]
[White "Dominguez Perez, Leinier"]
[Black "Svidler, Peter"]
[Result "1-0"]
[WhiteElo "2734"]
[BlackElo "2734"]
[Annotator "Illingworth,M"]
[PlyCount "75"]
[EventDate "2015.05.14"]
[EventType "tourn"]
[EventRounds "11"]
[EventCountry "RUS"]
[EventCategory "21"]
[SourceTitle "CBM 167"]
[Source "ChessBase"]
[SourceDate "2015.07.13"]
[SourceVersion "1"]
[SourceVersionDate "2015.07.13"]
[SourceQuality "1"]

1. e4 {[%emt 0:00:10]} e5 {[%emt 0:00:05]} 2. Nf3 {[%emt 0:00:07]} Nc6 {
[%emt 0:00:03]} 3. Bb5 {[%emt 0:00:09]} a6 {[%emt 0:00:04]} 4. Ba4 {[%emt 0:00:
06]} Nf6 {[%emt 0:00:03]} 5. O-O {[%emt 0:00:09]} Be7 {[%emt 0:00:02]} 6. Re1 {
[%emt 0:00:08]} b5 {[%emt 0:00:04]} 7. Bb3 {[%emt 0:00:08]} d6 {[%emt 0:00:04]}
8. a4 $5 {[%emt 0:01:49] Until recently it was thought that 8.c3 was the only
serious move, but this has been played by Wei Yi recently as well as Dominguez,
so it's time the move received some attention. We could compare this with the
6.d3 b5 7.Bb3 d6 8.a4 variation, except that in some cases (such as the game)
White can play d4 in one go. Previously Dominguez had generally gone for the
main line or d3-systems against Svidler.} b4 {[%emt 0:03:33] This has been
Black's main move in recent games, although White can then try to transpose
back to an Anti-Marshall system.} (8... Na5 $6 9. axb5 Nxb3 10. cxb3 {clearly
doesn't give Black enough for the pawn.}) (8... Bb7 $6 {is a mistake before
White has played h3, and after} 9. c3 O-O 10. d4 $14 {White is effectively a
tempo up on the Zaitsev as a4 is far more useful than h3.}) (8... Bg4 $6 {
misplaces the bishop before White has played d4, and after} 9. c3 O-O 10. h3
Bxf3 (10... Bh5 $6 11. d3 Na5 12. Ba2 $1 c5 13. Na3 $1 b4 14. Nc4 Nxc4 15. Bxc4
bxc3 16. bxc3 Qa5 17. g4 $1 Bg6 18. Qc2 $36 {leaves the bishop badly misplaced
on g6.}) 11. Qxf3 Na5 12. Bc2 ({Not} 12. Ba2 b4 $1 13. cxb4 $6 Nc6 $11) 12...
c5 13. d3 b4 14. Nd2 {Black sorely misses his light-squared bishops. For
example:} Nd7 (14... Rb8 15. Nf1 bxc3 16. bxc3 Qd7 17. Ne3 g6 18. Bd2 Nb3 19.
Bxb3 Rxb3 20. Rab1 $1 $14 Qxa4 21. Nc4 Rxb1 22. Rxb1 $36) 15. Nf1 Bg5 16. Ne3
Rb8 17. Qg4 Bxe3 18. Bxe3 Nf6 19. Qf3 $14) (8... Bd7 9. c3 O-O {(this position
can also arise via. 8.c3 0-0 9.a4 Bd7)} 10. d4 (10. d3 Na5 11. Bc2 c5 12. Nbd2
{would transpose to a major line of the 6.d3 Ruy Lopez, nowadays considered
absolutely fine for Black.}) 10... h6 (10... Re8 $2 11. axb5 axb5 12. Bxf7+ $1
Kxf7 13. Qb3+ Kg6 (13... Kf8 $6 14. Ng5) 14. Rxa8 Qxa8 15. Nh4+ Kh5 16. Qf7+ $1
g6 17. Nf5 $18 {gives White a winning attack.}) 11. Nbd2 Re8 12. Nf1 Bf8 13.
Bc2 (13. Ng3 Na5 14. Bc2 c5 15. d5 c4 16. h3 Qc7 17. Nh4 $5 $146 g6 18. Be3 Bg7
19. Ra3 Nb7 20. Qd2 h5 {leads to a very complex Breyer-style position, with
chances for both sides.}) 13... exd4 14. Nxd4 (14. cxd4 Nb4 15. Bb1 bxa4 16.
Ng3 c5 $11 {is fine for Black.}) 14... b4 15. Bd2 Rb8 16. Ng3 {1-0 (40) Palac,
M (2573)-Beliavsky,A (2654) Bled 2000} Ne5 $1 (16... d5 17. Nxc6 Bxc6 18. e5
Nd7 19. f4 $14 {is better for White because of his strong majority, which can
easily translate to a big attack on the king after a later f5.}) 17. cxb4 d5
18. exd5 Bxb4 19. h3 Nxd5 $11 {and Black has good activity in this position,
which is likely to liquidate further.}) 9. d4 {[%emt 0:00:25]} (9. d3 O-O {
transposes to the 8.a4 b4 9.d3 Anti-Marshall.}) 9... O-O {[%emt 0:25:24] Black
accepts the transposition to the 8.a4 b4 9.d4 d6 Anti-Marshall.} (9... Bg4 {
is an independent option, but I'm not a huge fan of it:} 10. dxe5 Nxe5 (10...
dxe5 11. Qxd8+ Rxd8 12. Nbd2 O-O 13. h3 Bxf3 $6 14. Nxf3 Bc5 15. Bc4 $1 a5 16.
c3 Rd6 17. Bb5 Rfd8 18. Be3 Bxe3 19. Rxe3 $16 {1-0 (39) Wei,Y (2706)-Gonzalez
Vidal,Y (2557) Tsaghkadzor 2015  showed why Black shouldn't put the bishop on
g4 for this endgame.}) 11. Nbd2 Qc8 (11... O-O 12. h3 Bh5 13. g4 $1 Bg6 14.
Nxe5 dxe5 15. Qf3 Bc5 16. Nc4 $14 {is slightly better for White because the
g6-bishop is so misplaced in this structure and} Qe7 $6 17. Bg5 $1 {would only
make things worse.}) 12. h3 Bh5 {Now we see the point of ...Qc8 - g4 runs into
Nexg4.} 13. Re3 $5 O-O 14. Qe1 Nfd7 (14... Nxf3+ 15. Nxf3 Qb7 16. Nh4 $1 $14 {
is slightly better for White as Nf5 is not easy to deal with.}) 15. Nxe5 dxe5
16. Nc4 {1/2-1/2 (48) Stojanovic,D (2504)-Blagojevic,D (2495) Belgrade 2014 
and again the offside Black light-squared bishop gave White some chances.}) 10.
dxe5 {[%emt 0:00:55]} dxe5 {[%emt 0:00:12]} 11. Nbd2 {[%emt 0:00:07] This move
has taken over from the old} (11. Qxd8 Rxd8 12. Nbd2 {which you can find
analysed in e.g. 1-0 (70) Carlsen,M (2862)-Aronian,L (2813) Saint Louis 2013
CBM 157 [Stohl,I]}) 11... Bc5 {[%emt 0:00:32] Svidler has defended this
position on multiple occasions as Black.} 12. Qe2 {[%emt 0:00:09] This is
certainly a very natural move.} (12. h3 {is examined in ½-½ (35) Topalov,V 
(2785)-Aronian,L (2830) Khanty-Mansiysk 2014 CBM 160 [Postny,E]}) (12. a5 {
is the most common move and you can find it annotated in e.g. 1/2-1/2 (27)
Karjakin,S (2767)-Svidler,P (2732) Baku 2014 CBM 163 [Postny,E]}) 12... Qe7 {
[%emt 0:01:21]} (12... Bg4 13. h3 Bh5 14. c3 (14. a5 $1 Nd4 15. Qc4 Nxb3 16.
Nxb3 Bd6 17. Nh4 $1 $14) 14... Na5 15. g4 Bg6 16. Bc2 bxc3 17. bxc3 Nd5 $5 {
1/2-1/2 (65) Grischuk,A (2779)-Caruana,F (2774) Thessaloniki 2013 was quite
playable for Black, but it is pretty obvious that Dominguez had some deviation
ready.}) (12... h6 $5 {might deserve further testing, just waiting for White
to commit himself.}) 13. a5 {[%emt 0:01:55]} (13. Nc4 {was analysed in 1/2-1/2
(41) Grischuk,A (2764)-Svidler,P (2747) London 2013 CBM 154 [Szabo,Kr]}) 13...
h6 {[%emt 0:02:26] I don't see anything wrong with this move, although it's
not needed right away.} (13... Rd8 {could be countered with} 14. Bc4 (14. h3
Be6 15. Bxe6 Qxe6 16. Nb3 Nd4 $1 $11) 14... Nd4 (14... Bg4 15. Qf1 Bxf3 16.
Nxf3 Nd4 17. Be3 $5 Nxf3+ 18. gxf3 Bxe3 19. fxe3 {gives White some minor
chances based on having the superior minor piece and Black's queenside pawn
weaknesses.}) 15. Nxd4 Bxd4 16. Nb3 {1/2-1/2 (24) Ivanovic,B (2485)-Spassky,B 
(2625) Bugojno 1982} Bg4 17. Qf1 Be6 18. Nxd4 Bxc4 19. Qxc4 Rxd4 20. Qc6 $1 Qe8
21. Qxe8+ Nxe8 22. b3 $11 {is really an equal endgame, though only White can
be better.}) 14. h3 {[%emt 0:01:42]} (14. Bd5 Nxd5 15. exd5 Nd4 16. Nxd4 Bxd4
17. Nb3 Qd6 18. Nxd4 exd4 $11 {is pretty dead equal.}) 14... Rd8 {[%emt 0:04:
56]} (14... Be6 15. Bc4 Nd4 16. Nxd4 Bxd4 17. Nb3 {1-0 (41) Caruana,F (2791)
-Tomashevsky,E (2695) Dubai 2014} Qd6 18. Nxd4 Bxc4 19. Qxc4 Qxd4 20. Qb3 $1
Nxe4 21. Be3 Qd6 22. Qc4 Qg6 23. Rad1 $14 {with some initiative is typically
the sort of edge White is aiming for in this line.}) 15. Bc4 {[%emt 0:04:46]}
Nd4 {[%emt 0:07:48]} (15... Rd6 $5 16. Nb3 Ba7 {may be more precise, keeping
the position as is, although after} 17. Bd2 {White retains mild pressure.}) 16.
Nxd4 {[%emt 0:01:50]} Bxd4 {[%emt 0:01:55]} (16... Rxd4 17. Bd3 Rd6 $5 18. Nc4
Rd8 19. Be3 {is a little better for White as Black's pawns are quite
vulnerable, though Black should be able to defend after e.g.} Bb7 20. Bxc5 Qxc5
) 17. Nb3 {[%emt 0:10:46]} c5 $6 {[%emt 0:12:05] I think this ambitious move
is the cause of Black's subsequent problems.} (17... Ba7 {is best, but once
again after} 18. Be3 Bxe3 19. Qxe3 Be6 20. Qe2 $5 {White has a small but
stable advantage because of the queenside weaknesses.} (20. Bxe6 Qxe6 21. Qc5
Rab8 $1 {holds together for Black.})) 18. Nxd4 $1 {[%emt 0:27:01] A very smart
decision - the bishop pair will prove a very handy asset in the resulting
position.} (18. Nd2 Bb7 $11) 18... cxd4 {[%emt 0:01:53]} 19. Bd2 $14 {[%emt 0:
00:29] Black has clear problems here as the queenside pawns are weak and White
will later develop play on the kingside with a prepared f4.} Qc5 {[%emt 0:11:
57]} (19... Bb7 {might be a trickier defence.} 20. f3 (20. Bd3 Bc6 $1 21. Bxa6
Nxe4 22. Bd3 Nxd2 23. Qxd2 Qc5 24. a6 Re8 $132 {shouldn't be worse for Black
with such a centre.}) 20... Rdb8 {and Black wants to play ...Bc6-b5 again.
White is still better, but the position is not as clear-cut; probably} 21. Rf1
$5 Bc6 22. f4 $1 {is how White should prosecute his advantage.}) 20. b3 {
[%emt 0:08:43]} Be6 {[%emt 0:12:23] A good move, offering the a6-pawn as bait.}
21. Bd3 {[%emt 0:05:59]} (21. Bxa6 Ra7 $1 {will regain the pawn, and after} 22.
Bd3 Rxa5 23. Rxa5 Qxa5 24. f4 $14 {White is still better, but at least Black
has some counterplay.}) 21... Bd7 {[%emt 0:02:56] Black is angling to exchange
the light-squared bishop. Should he succeed, c2 will become weak and Black
will be totally fine, so White's reply is practically required.} 22. Bxa6 {
[%emt 0:12:04]} (22. Rf1 Re8 $1 {and only then ...Bb5 is fine.}) 22... Rdb8 {
[%emt 0:01:00]} 23. Bd3 {[%emt 0:10:10]} ({White must avoid} 23. Ra2 $4 Rxa6
24. Qxa6 Bb5 $19) 23... Rxa5 {[%emt 0:00:10]} 24. Qf3 $1 {[%emt 0:00:12] White
initiates kingside threats with Bxh6 the immediate idea, but Qg3 and f4 are
also on the cards.} (24. Rxa5 Qxa5 25. f4 {is tempting, but after} Bb5 $1 26.
fxe5 Bxd3 27. cxd3 Qxe5 {Black's position proves fairly robust, though} 28. Rc1
$1 {might still keep an edge.}) 24... Rb6 $5 {[%emt 0:01:08]} (24... Kh7 {
was Svidler's post-game suggestion, but} 25. Rxa5 Qxa5 26. Qg3 Be8 $5 27. f4
Nd7 28. Bc4 $36 {is also in White's favour.}) (24... Ra3 25. Bxh6 Bb5 {might
be playable, but you probably have to be a machine to play like this...and
even then, after} 26. Qg3 Ne8 27. Rab1 $14 {Black is well short of full
compensation.}) 25. Qg3 $1 {[%emt 0:02:44] A very natural move and practically
speaking the strongest one as Black's best defence is far from obvious.} (25.
Rec1 {gives Black fairly easy moves in} Ra3 26. Rxa3 bxa3 27. Ra1 Be6 28. Qg3
Kh7 $11) 25... Nh5 $2 {[%emt 0:07:22] After this loss of time White takes
control of the game. I doubt Black really wanted to go for this, but he
probably couldn't prove the alternatives were better.} (25... Bc8 $1 $11 {
is the best move, clearing the way for ...Nd7-f8 to defend the king. Of course,
} 26. Bxh6 {fails to} Nh5 27. Qg5 Rxa1 28. Rxa1 Rxh6 {and now the bishop is
safe on c8 (from d7, it would be lost to Qd8).}) 26. Qh4 {[%emt 0:01:36]} Nf6 {
[%emt 0:00:01]} 27. f4 $1 {[%emt 0:01:58]} (27. Rxa5 Qxa5 {can be inserted
first before playing} 28. f4 {, but I prefer White's move order.}) 27... Rxa1 {
[%emt 0:01:35]} 28. Rxa1 {[%emt 0:00:06]} Bc6 {[%emt 0:00:06]} 29. fxe5 {
[%emt 0:02:05]} Qxe5 {[%emt 0:01:47]} 30. Bf4 {[%emt 0:00:56] Once White gets
in e5, the position becomes extremely hard to defend as Black lacks piece
coordination.} Qe8 {[%emt 0:04:00]} (30... Qe6 {fails to} 31. Bc7 Rb7 32. Ra8+
Ne8 33. Bc4 Qd7 34. Bg3 $18 {and White simply has too many threats.}) 31. e5 {
[%emt 0:08:17]} Nd5 {[%emt 0:01:07]} 32. Bg3 {[%emt 0:07:43] Good enough to
keep a winning advantage (Black can't defend his weak pawns), but} (32. Bxh6 $1
gxh6 33. Qxh6 Bb7 34. Bh7+ Kh8 35. Bg6+ Kg8 36. Qh7+ Kf8 37. Rf1 Rxg6 38. Qxg6
{was the flashy way.} Qe7 39. e6 f6 40. Qh6+ Ke8 41. Qh8+ Qf8 42. Qh7 $18)
32... Bb5 {[%emt 0:00:26]} 33. Qxd4 {[%emt 0:00:33]} Bxd3 {[%emt 0:00:03]} 34.
cxd3 {[%emt 0:00:35] White is up a pawn with the better minor piece and safer
king, so it's not surprising that the game was over soon.} Qc6 {[%emt 0:01:57]}
(34... Rb5 35. Qc4 {doesn't change much.}) 35. Kh2 {[%emt 0:01:07]} Rb5 {
[%emt 0:00:58]} 36. Ra7 {[%emt 0:00:26]} h5 {[%emt 0:01:50]} 37. Qe4 {[%emt 0:
00:23]} Rc5 {[%emt 0:00:25]} 38. e6 {[%emt 0:00:21] Black resigned as he runs
into all sorts of havoc on the last two ranks.} 1-0

[Event "USA-ch"]
[Site "Stillwater"]
[Date "2007.05.17"]
[Round "3"]
[White "Kudrin, Sergey"]
[Black "Kaidanov, Gregory S"]
[Result "0-1"]
[WhiteElo "2556"]
[BlackElo "2595"]
[Annotator "Kaidanov,G"]
[PlyCount "80"]
[EventDate "2007.05.15"]
[EventType "swiss"]
[EventRounds "9"]
[EventCountry "USA"]
[SourceTitle "CBM 118"]
[Source "ChessBase"]
[SourceDate "2007.05.31"]
[SourceVersion "1"]
[SourceVersionDate "2007.05.31"]
[SourceQuality "1"]

1. e4 e5 2. Nf3 Nc6 3. Bb5 a6 4. Ba4 Nf6 5. O-O Be7 6. Re1 b5 7. Bb3 O-O 8. d3
Bb7 9. a4 Re8 10. Nbd2 Bf8 11. Nf1 h6 12. Ne3 Na5 13. Ba2 c5 14. Bd2 (14. Nh4 {
Brought a win for White, though Black was fine at some point.} d5 15. exd5 Nxd5
16. Qh5 c4 17. dxc4 Nf4 18. Qg4 h5 19. Qg3 bxc4 20. Nf3 h4 {Maybe interesting,
but unnecessary.} (20... e4 $5 $132) 21. Qxh4 Bxf3 22. Qxd8 Rexd8 23. gxf3 Rac8
24. Ng2 Nh3+ 25. Kf1 c3 26. bxc3 Rxc3 27. Ne3 Nc6 28. Rb1 Rd7 29. Rb3 Rxb3 30.
Bxb3 $16 {1-0 Stefansson,H (2566)-Adams,M (2745)/Bled 2002/EXT 2003 (50)})
14... b4 $1 (14... Nc6 15. c3 Qc7 16. Nh4 Nd8 17. Ng4 $14 {1/2-1/2 Emms,J 
(2520)-Howell,D (2323)/London 2003/CBM 097 (46)}) 15. h3 (15. Nc4 Nxc4 16. Bxc4
d5 17. exd5 Qd6) 15... Rc8 {Now it's hard to find another useful move for
White.} 16. Nc4 $6 ({Still, something like} 16. Qe2 {would be better.}) 16...
Nxc4 17. Bxc4 d5 18. exd5 Qd6 $1 {Sergey missed this move, though it's kind of
typical for similar positions.} 19. Nh2 Bxd5 20. Bxd5 Qxd5 $15 {Black is
slightly better because of his space advantage. Bad bishop on f8 will enter
the game after either ...e4 or ...c4} 21. Nf1 e4 (21... Rcd8 22. Ne3 Qd4 $15 {
could be even better.}) 22. dxe4 Nxe4 23. Be3 Qe5 24. Qc1 c4 25. f3 Nf6 26. Bf2
Qc7 27. Rxe8 Rxe8 28. Qd2 Qc6 $1 {Tying the rook to the a4 pawn.} 29. Ng3 Rc8 {
/\...c3} 30. c3 bxc3 31. bxc3 Nd7 $1 {/\ Nd7-e5-d3} 32. Qe2 Nb6 $1 33. Qe4 Nd5
34. Qd4 Be7 $6 (34... Re8 $142 $15) 35. Nh5 Nf6 36. Qe5 $6 (36. Re1 $142 $11)
36... Nxh5 37. Qxe7 Nf4 38. Qe5 Nd3 39. Qd4 Qe8 $15 40. Ra2 $4 {Since White
had to defend slightly worse position for quite a while, he was falling behind
on the clock. Here, with 3 min +30 sec/move for the rest of the game, he
commits a blunder.} Nc1 0-1